| 000 | 00409nam a22001217a 4500 | ||
|---|---|---|---|
| 008 | 230619b xxu||||| |||| 00| 0 eng d | ||
| 082 |
_a015.67 _bKNL |
||
| 100 | _cKenya National LIbrary Service | ||
| 245 |
_aKenya National Bibiliography 1983 _bKenya NAtional Library Service _cNational Reference & Bibiliographic Departments |
||
| 260 |
_bKenya National Library Service _c1983 |
||
| 300 | _a37p | ||
| 942 |
_2ddc _cBK |
||
| 999 |
_c1145 _d1145 |
||